|
|
|
|
| LEADER |
01307nam a2200313 a 4500 |
| 001 |
1181 |
| 003 |
BD-DhAAL |
| 005 |
20151110140329.0 |
| 008 |
151110s1998 bg bd f001 0 beno |
| 010 |
|
|
|a 98908783
|
| 020 |
|
|
|a 9840738054
|
| 040 |
|
|
|a DLC
|c DLC
|d BD-DhAAL
|
| 050 |
0 |
0 |
|a KNG2183
|b .P45 1998
|
| 082 |
|
|
|a 328.549203
|
| 100 |
1 |
|
|a ফিরোজ, জালাল.
|9 16080
|
| 245 |
1 |
0 |
|a পার্লামেন্টারি শব্দকোষ /
|c জালাল ফিরোজ.
|
| 250 |
|
|
|a 1st ed.
|
| 260 |
|
|
|a ঢাকা :
|b বাংলা একাডেমী,
|c ১৯৯৮.
|
| 300 |
|
|
|a ৩২০ পৃ. ;
|c ২২ সে.মি.
|
| 504 |
|
|
|a Includes bibliographical references (p. [290]-293) and index.
|
| 520 |
|
|
|a Dictionary of parlimentary terms, with reference to Bangladesh.
|
| 541 |
|
|
|e 1181
|
| 546 |
|
|
|a Bengali and English.
|
| 610 |
1 |
0 |
|a Bangladesh.
|b Jātīẏa Saṃsada
|x Terminology.
|9 16081
|
| 650 |
|
0 |
|a Parliamentary practice
|z Bangladesh
|v Dictionaries.
|9 16082
|
| 710 |
2 |
|
|a বাংলা একাডেমী (Bangladesh)
|9 16083
|
| 942 |
|
|
|2 ddc
|c BK
|
| 999 |
|
|
|c 36099
|d 36099
|
| 952 |
|
|
|0 0
|1 0
|2 ddc
|4 0
|6 328_549203000000000_FIR
|7 0
|9 56722
|a SCL
|b SCL
|c GEN
|d 2015-11-10
|g 150.00
|l 1
|m 1
|o 328.549203 FIR
|p 3020001181
|r 2020-03-11
|s 2019-11-06
|t 1
|w 2015-11-10
|y BK
|